[Event "Belgrade Spring op"]
[Site "Belgrade"]
[Date "2009.03.30"]
[Round "8"]
[White "Cicmil, Slobodan"]
[Black "Tasic, Zoran T"]
[Result "0-1"]
[WhiteElo "2135"]
[BlackElo "2212"]
[PlyCount "64"]
[EventDate "2009.03.21"]
[EventType "swiss"]
[EventRounds "9"]
[EventCountry "YUG"]
[SourceTitle "CBM 129 Extra"]
[Source "ChessBase"]
[SourceDate "2009.05.05"]
[SourceVersion "2"]
[SourceVersionDate "2009.05.20"]
[SourceQuality "1"]

1. d4 c5 2. d5 e5 3. e4 d6 4. Nc3 Be7 5. Nf3 Bg4 6. Bb5+ Nd7 7. h3 Bh5 8. g4 Bg6 9. Qe2 h5 10. g5 h4 11. Qf1 a6 12. Bxd7+ Qxd7 13. a4 Bd8 14. a5 Ne7 15. Be3 Nc8 16. Rg1 Na7 17. Rg4 Nb5 18. Nxb5 Qxb5 19. Qxb5+ axb5 20. Bd2 Kd7 21. b4 b6 22. a6 Bc7 23. Rxh4 Rxh4 24. Nxh4 Bxe4 25. c4 bxc4 26. b5 g6 27. Bc3 Rh8 28. f3 Bxd5 29. Ng2 Rxh3 30. Ne3 Bxf3 31. Kf2 Ba8 32. Rd1 Ke6 0-1

[Event "Belgrade Spring op"]
[Site "Belgrade"]
[Date "2009.03.27"]
[Round "6"]
[White "Cicmil, Slobodan"]
[Black "Bulatovic, Ilija"]
[Result "1-0"]
[WhiteElo "2135"]
[BlackElo "1897"]
[PlyCount "63"]
[EventDate "2009.03.21"]
[EventType "swiss"]
[EventRounds "9"]
[EventCountry "YUG"]
[SourceTitle "CBM 129 Extra"]
[Source "ChessBase"]
[SourceDate "2009.05.05"]
[SourceVersion "2"]
[SourceVersionDate "2009.05.20"]
[SourceQuality "1"]

1. d4 Nf6 2. Nf3 c5 3. d5 b5 4. Bg5 Ne4 5. Bh4 d6 6. e3 Qa5+ 7. c3 a6 8. Qc2 Nf6 9. Bxf6 exf6 10. Nbd2 Nd7 11. Be2 g6 12. 0-0 Qb6 13. a4 Rb8 14. axb5 axb5 15. b4 Ne5 16. Ra5 Nxf3+ 17. Nxf3 c4 18. Nd4 Bd7 19. Rfa1 Be7 20. Ra6 Qc7 21. R1a5 0-0 22. Qa2 f5 23. Ra7 Qc8 24. Nxb5 Bxb5 25. Rxe7 Ra8 26. Raa7 Rxa7 27. Rxa7 f4 28. Qa5 Be8 29. e4 h5 30. Qc7 Bb5 31. Qxd6 Re8 32. f3 1-0

[Event "Belgrade Spring op"]
[Site "Belgrade"]
[Date "2009.03.26"]
[Round "5"]
[White "Mitrovic, Ratko"]
[Black "Cicmil, Slobodan"]
[Result "0-1"]
[WhiteElo "1943"]
[BlackElo "2135"]
[PlyCount "122"]
[EventDate "2009.03.21"]
[EventType "swiss"]
[EventRounds "9"]
[EventCountry "YUG"]
[SourceTitle "CBM 129 Extra"]
[Source "ChessBase"]
[SourceDate "2009.05.05"]
[SourceVersion "2"]
[SourceVersionDate "2009.05.20"]
[SourceQuality "1"]

1. c4 e5 2. Nc3 Bb4 3. Qc2 Nf6 4. a3 Bxc3 5. Qxc3 Nc6 6. d3 d5 7. c5 d4 8. Qc2 Nd5 9. g3 Be6 10. Bg2 Qd7 11. Bd2 a5 12. Rc1 a4 13. Nf3 h6 14. 0-0 0-0 15. e3 Rfe8 16. e4 Nf6 17. Qd1 Bg4 18. Qc2 Bxf3 19. Bxf3 Qe6 20. Qc4 Na5 21. Qxe6 Rxe6 22. Bd1 Nb3 23. Bxb3 axb3 24. Rc4 Rc6 25. Rfc1 Nd7 26. Kf1 Kf8 27. Ke2 Ke7 28. f4 f6 29. Kf3 g5 30. f5 Kf7 31. h4 gxh4 32. gxh4 Rg8 33. Bxh6 Rh8 34. Bd2 Rxh4 35. Kg3 Rh7 36. Kg2 Ke8 37. Rb4 Nxc5 38. Rxb7 Kd7 39. Rb5 Nxd3 40. Rxc6 Kxc6 41. Rxb3 Nc5 42. Rb8 Nxe4 43. Be1 d3 44. a4 d2 45. Bxd2 Rg7+ 46. Kh3 Nxd2 47. a5 Rg1 48. b4 Ra1 49. Kg4 Ra4 50. Kh5 e4 51. Rf8 e3 52. Rxf6+ Kd5 53. Re6 Ne4 54. Rg6 Rxb4 55. Rg1 Ke5 56. Kg6 e2 57. Re1 Nc3 58. f6 Rg4+ 59. Kh5 Rf4 60. a6 Rxf6 61. Ra1 Rxa6 0-1